Concentration Camps by Number of Deaths - Statistics

General Stats
  • This quiz has been taken 154 times
  • The average score is 5 of 10
Answer Stats
Deaths Camp % Correct
1,100,000 Auschwitz-Birkenau
98%
243,000 Dachau
70%
700,000-900,000 Treblinka
69%
50,000 Bergen-Belsen
60%
250,000 Sobibór
50%
340,000 Chełmno
38%
360,000 Majdanek
36%
122,766-320,000 Mauthausen-Gusen
36%
500,000-600,000 Bełżec
34%
33,462 Buchenwald
31%
No matching quizzes found
Score Distribution
Percent of People with Each Score
Percentile by Number Answered
Your Score History
You have not taken this quiz